Countries by Famous Author - Statistics

General Stats
  • This quiz has been taken 78 times
  • The average score is 14 of 20
Answer Stats
author country % Correct
Hans Christian Andersen Denmark
97%
Miguel de Cervantes Spain
97%
Anton Chekhov Russia
95%
Ernest Hemingway United States
95%
James Joyce Ireland
94%
Stieg Larsson Sweden
86%
Jung Chang China
81%
Hermann Hesse Germany
79%
Paulo Coelho Brazil
78%
Gabriel García Márquez Colombia
78%
Rabindranath Tagore India
71%
Salman Rushdie United Kingdom
65%
Milan Kundera Czech Republic / France
60%
Colleen McCullough Australia
59%
Pablo Neruda Chile
57%
Dario Fo Italy
57%
Naguib Mahfouz Egypt
54%
Carlos Castaneda Peru
33%
Michael Ondaatje Canada
25%
Witi Ihimaera New Zealand
17%
No matching quizzes found
Score Distribution
Percent of People with Each Score
Percentile by Number Answered
Your Score History
You have not taken this quiz